MARC

LEADER 00000nam0a2200000 4500
001 253801
005 20231101232858.0
010 |a 5615003367 
020 |a RU  |b 89-40198 
035 |a (RuTPU)RU\TPU\book\276216 
090 |a 253801 
100 |a 20140317d1989 k a0rusy5003 ca 
101 0 |a rus 
102 |a KZ 
105 |a y z 001zy 
200 1 |a Противостояние : большевики и непролетарские партии в Казахстане, 1917-1920 гг.  |f В. К. Григорьев 
210 |a Алма-Ата  |c Казахстан  |d 1989 
215 |a 248 с. 
606 1 |a Коммунистические партии союзных республик СССР  |2 stltpush  |3 (RuTPU)RU\TPU\subj\73152  |9 86332 
610 1 |a Казахстан 
610 1 |a мелкобуржуазные партии 
610 1 |a история 
610 1 |a буржуазные партии 
610 1 |a националистические партии 
610 1 |a большевики 
610 1 |a Гражданская война 1918-1921 
686 |a Ф61(2К)  |2 rubbk 
700 1 |a Григорьев  |b В. К.  |g Владислав Константинович 
801 0 |a RU  |b RuMRKP  |c 19950417  |g psbo 
801 1 |a RU  |b 63413507  |c 20140317 
801 2 |a RU  |b 63413507  |c 20140521  |g RCR 
942 |c BK